000 00484nam a2200157Ia 4500
008 240729s9999 xx 000 0 und d
022 _a2094-7313
245 0 _aWestern Pacific Surveillance and Response
260 _aPhilippines
260 _bWorld Health Organization Regional Office for the Western Pacific
650 _a Public aspects of medicine
650 _aMedicine
856 _uhttps://doaj.org/toc/65aa7d8c6f6745928724ab336fe1843f
942 _2ddc
942 _cDOAJEJ
999 _c73355
_d73355
945 _a1
_bMadushi Gamage
_c1
_dMadushi Gamage